Countries Begining And Ending With Vowels - Statistics

General Stats
  • This quiz has been taken 1,610 times
    1,153 since last reset
  • The average score is 16 of 20
Answer Stats
Country % Correct
Australia
92%
Albania
91%
Argentina
91%
Algeria
88%
Andorra
88%
Austria
87%
Angola
84%
Eritrea
84%
Estonia
84%
Uruguay
84%
Ethiopia
83%
Armenia
82%
India
82%
Antigua and Barbuda
80%
Indonesia
78%
Italy
74%
Eswatini
72%
Uganda
71%
Ukraine
68%
Equatorial Guinea
57%
No matching quizzes found
Score Distribution
Percent of People with Each Score
Percentile by Number Answered
Your Score History
You have not taken this quiz since the last reset